| 000 | 00450nam a2200181Ia 4500 | ||
|---|---|---|---|
| 001 | 22681 | ||
| 005 | 20260414150847.0 | ||
| 008 | 260414t2013||||xx |||||||||||||| ||spa|| | ||
| 041 | _aESP | ||
| 082 |
_a621.384 _bR77 |
||
| 100 |
_aRogers, John W. M. _eAUT |
||
| 245 | 0 |
_aRadio frequency system architecture and design _b |
|
| 260 | _c2013 | ||
| 300 |
_axi, 302 páginas : _c26 cm. |
||
| 650 | _aTCA | ||
| 654 | _aCET | ||
| 942 |
_cLIB _dJUS _fJUS _2ddc _n |
||
| 999 |
_c22681 _d22681 |
||